In volo

I tiakina i:
Ngā taipitopito rārangi puna kōrero
Kaituhi matua: Millett, Kate
Hōputu: Pukapuka
Reo:Ingarihi
I whakaputaina: Milano
Ngā Tūtohu: Tāpirihia he Tūtohu
Kāore He Tūtohu, Me noho koe te mea tuatahi ki te tūtohu i tēnei pūkete!

MARC

LEADER 00000nam a2200000 4500
001 CDOM0000003815
003 mi
005 20250913110115.0
008 250913b |||||||| |||| 00| 0 eng d
040 |c mi 
100 |a Millett, Kate 
245 1 |a In volo  
260 |a Milano 
942 |2 ddc  |c BK 
952 |0 0  |1 0  |2 ddc  |4 0  |7 0  |9 7021  |a MI  |b MI  |d 2009-09-02  |i 5552  |l 0  |p CDOM5552  |r 2025-07-13 16:28:00  |w 2025-07-13  |x ACQUISTO  |y BK 
999 |c 5737  |d 5737